| 000 | 02130nam a2200433 a 4500 | ||
|---|---|---|---|
| 001 | 000020692 | ||
| 003 | DO-SdBNP | ||
| 005 | 20220822115752.0 | ||
| 007 | ta | ||
| 008 | 100812s2018 000 spa d | ||
| 020 | _a9789945613414 (v. 1) | ||
| 020 | _a9789945613407 (v. 2) | ||
| 020 | _a9789945613056 (v. 3) | ||
| 020 | _a9789945613063 (v. 4) | ||
| 020 | _a9789945613766 (v.5) | ||
| 040 |
_aDO-SdBNP _bspa _cBNPHU |
||
| 082 | 4 |
_a972.9384 _bD637a _222 |
|
| 245 | 0 | 1 |
_aDocumentos del Archivo Real del Seibo / _ccompiladoras Perla T. Reyes Díaz, Rocío I. Devers Liriano |
| 260 |
_aSanto Domingo : _bArchivo General de la Nación, _c2018-2019. |
||
| 300 |
_av. ; _c28 cm. |
||
| 490 | 1 |
_aArchivo General de la Nación ; _v351-352 ; |
|
| 490 | 1 |
_aArchivo General de la Nación ; _v373-374 ; |
|
| 490 | 1 |
_aArchivo General de la Nación _v408 |
|
| 500 | _aIncluye datos biográficos de las compiladoras en la solapa de la cubierta | ||
| 500 | _aLa biblioteca posee los volúmenes 3 y 4 del 2018, 1 y 2 del 2019.y volumen 5 del 2020. | ||
| 505 | 1 |
_av.1 -- _tReales cédulas, provisiones de la real audiencia, bandos de gobernadores, actas capitulares y protocolos notariales: censos y capellanías /-- _gv. 2 -- _tProtocolos notariales: dotes y esponsales, esclavos y cartas de libertad -- _gv. 3 -- _tTestamentos y testamentarías I -- _gv. 4 -- _tTestamentos y testamentarías II -- _gv.5 -- _tTierras. |
|
| 590 | _aInventariado, 2020/YL | ||
| 650 | 4 |
_aArchivos _zRepública Dominicana _zEl Seibo _976600 |
|
| 651 | 4 |
_aEl Seibo (República Dominicana) _xHistoria _vFuentes _978381 |
|
| 700 | 1 | 2 |
_aReyes Díaz, Perla T. _d1987- _ecomp. _976602 |
| 700 | 1 | 2 |
_aDevers Liriano, Rocío I. _d1983- _ecomp. _976603 |
| 830 | 0 |
_aArchivo General de la Nación _l351 _976604 |
|
| 830 | 0 |
_aArchivo General de la Nación _l352 _976605 |
|
| 830 | 0 |
_aArchivo General de la Nación _n373 _978251 |
|
| 830 | 0 |
_aArchivo General de la Nación _n374 _978252 |
|
| 830 | 0 |
_aArchivo General de la Nación _n408 _981981 |
|
| 910 | _aValidado. Control de calidad MFF | ||
| 942 |
_2ddc _cLBS1 |
||
| 999 |
_c20196 _d20196 |
||